Statistiken für Kader 1. FC Nürnberg

Klicken Sie hier um das Quiz zu spielen!

Allgemein

  • Dieses Quiz wurde 108 mal gespielt
  • Das Durchschnittsergebnis liegt bei 17 aus 34

Antwortstatistiken

#Antwort% Korrekt
26Christian Mathenia
91%
1Carl Klaus
77%
Dieter Hecking
67%
5Johannes Geis
67%
29Tim Handwerker
67%
16Christopher Schindler
65%
22Enrico Valentini
65%
17Jens Castrop
65%
35Nathaniel Brown
65%
21Florian Flick
63%
33Christoph Daferner
61%
15Fabian Nürnberger
60%
23Kwadwo Duah
60%
10Mats Møller Dæhli
60%
19Florian Hübner
56%
36Lukas Schleimer
54%
8Taylan Duman
54%
7Felix Lohkemper
49%
14Benjamin Goller
47%
6Lino Tempelmann
47%
38Jannes Horn
46%
4James Lawrence
44%
28Jan Gyamerah
44%
11Erik Shuranov
40%
13Erik Wekesser
39%
20Pascal Köpke
32%
3Sadik Fofana
32%
9Danny Blum
28%
27Jermain Nischalke
28%
25Shawn Blum
28%
31Jan Reichert
26%
24Gustavo Puerta
21%
32Louis Breunig
21%
30Peter Vindahl Jensen
21%

Verteilung der Resultate

Perzentil nach korrekt beantworteten Fragen

Anzahl Personen mit jedem Resultat

Ihre Resultats-Entwicklung

Sie haben dieses Quiz noch nicht gespielt